[Event "meisterschaft"]
[Site "?"]
[Date "2021.07.30"]
[Round "8.1"]
[White "Szenetra, Werner"]
[Black "Chevelevitch, Evgueni, Dr."]
[Result "1/2-1/2"]
[BlackElo "2386"]
[WhiteElo "2132"]
[LiveChessVersion "1.4.8"]

1. Nf3 {[%clk 1:30:52]} c5 {[%clk 1:30:44]} 2. g3 {[%clk 1:30:58]} Nc6
{[%clk 1:30:59]} 3. Bg2 {[%clk 1:31:08]} g6 {[%clk 1:30:43]} 4. O-O
{[%clk 1:31:29]} Bg7 {[%clk 1:31:09]} 5. d3 {[%clk 1:31:46]} e5 {[%clk 1:30:45]}
6. e4 {[%clk 1:31:06]} Nge7 {[%clk 1:30:40]} 7. c3 {[%clk 1:25:45]} O-O
{[%clk 1:30:34]} 8. Be3 {[%clk 1:21:36]} d6 {[%clk 1:30:14]} 9. h3
{[%clk 1:20:20]} h6 {[%clk 1:27:57]} 10. Qd2 {[%clk 1:12:57]} Kh7
{[%clk 1:26:47]} 11. d4 {[%clk 1:06:03]} cxd4 {[%clk 1:24:02]} 12. cxd4
{[%clk 1:06:15]} d5 {[%clk 1:16:15]} 13. Nxe5 {[%clk 1:04:21]} dxe4
{[%clk 1:06:28]} 14. Nxc6 {[%clk 0:55:15]} Nxc6 {[%clk 1:05:36]} 15. Rd1
{[%clk 0:51:50]} f5 {[%clk 1:03:27]} 16. Nc3 {[%clk 0:51:36]} b6 {[%clk 0:58:45]}
17. Rac1 {[%clk 0:49:37]} Bd7 {[%clk 0:41:07]} 18. Nb5 {[%clk 0:48:51]} Na5
{[%clk 0:36:34]} 19. Bf1 {[%clk 0:45:46]} Nc6 {[%clk 0:32:23]} 1/2-1/2

[Event "meisterschaft"]
[Site "?"]
[Date "2021.07.30"]
[Round "8.2"]
[White "Boidman, Yuri"]
[Black "Namyslo, Holger"]
[Result "1-0"]
[BlackElo "2135"]
[WhiteElo "2320"]
[LiveChessVersion "1.4.8"]

1. e4 {[%clk 1:30:54]} e6 {[%clk 1:30:56]} 2. d3 {[%clk 1:31:13]} d5
{[%clk 1:31:20]} 3. Nd2 {[%clk 1:31:36]} Nf6 {[%clk 1:31:30]} 4. Ngf3
{[%clk 1:31:56]} c5 {[%clk 1:29:05]} 5. g3 {[%clk 1:32:14]} Nc6 {[%clk 1:29:29]}
6. Bg2 {[%clk 1:32:30]} b6 {[%clk 1:29:21]} 7. O-O {[%clk 1:32:26]} Be7
{[%clk 1:29:29]} 8. Re1 {[%clk 1:29:42]} Bb7 {[%clk 1:29:15]} 9. e5
{[%clk 1:28:58]} Nd7 {[%clk 1:27:00]} 10. c3 {[%clk 1:28:45]} Qc7
{[%clk 1:27:12]} 11. Qe2 {[%clk 1:29:00]} h6 {[%clk 1:27:00]} 12. h4
{[%clk 1:24:18]} O-O-O {[%clk 1:20:48]} 13. h5 {[%clk 1:22:40]} g6
{[%clk 1:17:00]} 14. hxg6 {[%clk 1:20:33]} fxg6 {[%clk 1:17:25]} 15. Bh3
{[%clk 1:16:07]} Nf8 {[%clk 1:16:55]} 16. d4 {[%clk 1:07:40]} g5 {[%clk 1:10:01]}
17. Nf1 {[%clk 1:06:59]} Kb8 18. a3 c4 {[%clk 1:02:42]} 19. N1h2 {[%clk 1:01:01]}
Bc8 {[%clk 1:01:30]} 20. Qc2 {[%clk 1:00:40]} Na5 {[%clk 0:59:00]} 21. Be3
{[%clk 0:58:53]} Nb3 {[%clk 0:58:55]} 22. Ra2 {[%clk 0:56:23]} Bd7
{[%clk 0:58:34]} 23. a4 {[%clk 0:56:39]} Be8 {[%clk 0:53:41]} 24. Nd2
{[%clk 0:57:03]} Na5 {[%clk 0:47:53]} 25. b3 {[%clk 0:55:09]} h5 {[%clk 0:43:18]}
26. bxc4 {[%clk 0:55:17]} dxc4 {[%clk 0:43:42]} 27. Ne4 {[%clk 0:53:14]} g4
{[%clk 0:40:17]} 28. Bg2 {[%clk 0:53:27]} Bc6 {[%clk 0:37:56]} 29. Bg5
{[%clk 0:51:45]} Bxg5 {[%clk 0:31:41]} 30. Nxg5 {[%clk 0:51:53]} Bxg2
{[%clk 0:31:49]} 31. Kxg2 {[%clk 0:52:10]} Rg8 {[%clk 0:31:28]} 32. Ne4
{[%clk 0:51:40]} Nh7 {[%clk 0:28:13]} 33. Nf6 {[%clk 0:46:19]} Ng5
{[%clk 0:24:53]} 34. Ne4 {[%clk 0:33:48]} Rdf8 {[%clk 0:23:26]} 35. Nxg5
{[%clk 0:33:09]} Rxg5 {[%clk 0:23:01]} 36. Qe4 {[%clk 0:33:24]} Rgf5
{[%clk 0:21:36]} 37. Nf1 {[%clk 0:28:17]} Qf7 {[%clk 0:17:37]} 38. Ree2
{[%clk 0:28:33]} Rf3 {[%clk 0:14:51]} 39. Ne3 {[%clk 0:26:41]} Rd8
{[%clk 0:11:17]} 40. Rad2 {[%clk 0:25:07]} Nb3 {[%clk 0:07:21]} 41. Rc2
{[%clk 0:22:21]} Na5 {[%clk 0:04:59]} 42. Rb2 {[%clk 0:22:10]} Rf8
{[%clk 0:30:13]} 43. d5 exd5 {[%clk 0:29:57]} 44. Nxd5 {[%clk 0:43:34]} Rd3
{[%clk 0:25:04]} 45. Nf4 {[%clk 0:43:36]} Rxc3 {[%clk 0:23:57]} 46. e6
{[%clk 0:36:28]} Qb7 {[%clk 0:24:26]} 47. Rbd2 {[%clk 0:29:29]} Re8
{[%clk 0:21:06]} 48. Nd5 {[%clk 0:19:41]} Rf3 {[%clk 0:19:53]} 49. Qe5+
{[%clk 0:19:04]} Kc8 {[%clk 0:20:04]} 50. e7 {[%clk 0:16:57]} Rd3
{[%clk 0:16:26]} 51. Qxh5 {[%clk 0:13:15]} Qc6 {[%clk 0:15:33]} 52. Qf5+
{[%clk 0:11:46]} Kb8 {[%clk 0:15:36]} 53. Rxd3 {[%clk 0:11:16]} cxd3
{[%clk 0:16:01]} 54. Qxd3 {[%clk 0:11:33]} a6 {[%clk 0:13:44]} 55. Re4
{[%clk 0:06:18]} b5 {[%clk 0:13:32]} 56. axb5 {[%clk 0:06:41]} axb5
{[%clk 0:13:58]} 57. Nb4 {[%clk 0:05:17]} 1-0

[Event "meisterschaft"]
[Site "?"]
[Date "2021.07.30"]
[Round "8.3"]
[White "Dekan, Hans"]
[Black "Werner, Clemens"]
[Result "0-1"]
[BlackElo "2264"]
[WhiteElo "2085"]
[LiveChessVersion "1.4.8"]

1. e4 {[%clk 1:30:56]} d6 {[%clk 1:30:51]} 2. d4 {[%clk 1:31:04]} Nf6
{[%clk 1:30:46]} 3. Nc3 {[%clk 1:31:13]} c6 {[%clk 1:30:29]} 4. a4
{[%clk 1:28:12]} Nbd7 {[%clk 1:27:08]} 5. Nf3 {[%clk 1:23:07]} e5
{[%clk 1:26:40]} 6. Bc4 {[%clk 1:21:12]} Be7 {[%clk 1:26:36]} 7. O-O
{[%clk 1:18:49]} O-O {[%clk 1:26:56]} 8. Bg5 {[%clk 1:13:59]} h6 {[%clk 1:24:46]}
9. Bh4 {[%clk 1:10:53]} Nh7 {[%clk 1:19:27]} 10. Bg3 {[%clk 1:10:37]} Bf6
{[%clk 1:16:04]} 11. Qd2 {[%clk 0:55:32]} Ng5 {[%clk 1:07:06]} 12. Nxg5
{[%clk 0:55:02]} hxg5 {[%clk 1:07:15]} 13. Ne2 {[%clk 0:53:51]} Re8
{[%clk 0:59:59]} 14. f3 {[%clk 0:52:17]} Qe7 {[%clk 0:56:27]} 15. c3
{[%clk 0:51:34]} a5 {[%clk 0:53:19]} 16. Bf2 {[%clk 0:51:16]} Nf8
{[%clk 0:52:22]} 17. d5 {[%clk 0:42:23]} Qc7 {[%clk 0:45:25]} 18. Be3
{[%clk 0:41:13]} Nh7 {[%clk 0:41:02]} 19. Rfd1 {[%clk 0:40:53]} c5
{[%clk 0:40:25]} 20. Bb5 {[%clk 0:39:08]} Re7 {[%clk 0:33:51]} 21. b4
{[%clk 0:37:48]} b6 {[%clk 0:32:26]} 22. Bc6 {[%clk 0:37:15]} Ra7
{[%clk 0:30:38]} 23. bxc5 {[%clk 0:37:04]} bxc5 {[%clk 0:31:04]} 24. c4
{[%clk 0:36:40]} g4 {[%clk 0:30:50]} 25. Nc3 {[%clk 0:34:11]} Qd8
{[%clk 0:29:52]} 26. Rdb1 {[%clk 0:32:37]} gxf3 {[%clk 0:29:17]} 27. gxf3
{[%clk 0:32:11]} Bh3 {[%clk 0:25:50]} 28. Rb2 {[%clk 0:31:28]} Rac7
{[%clk 0:24:11]} 29. Rab1 {[%clk 0:30:38]} Rc8 {[%clk 0:24:05]} 30. Rb6
{[%clk 0:28:36]} Ra7 {[%clk 0:23:13]} 31. Rb7 {[%clk 0:25:27]} Rxb7
{[%clk 0:21:28]} 32. Rxb7 {[%clk 0:25:24]} Bg5 {[%clk 0:19:36]} 33. Nd1
{[%clk 0:22:51]} Qf6 {[%clk 0:19:16]} 34. Qe2 {[%clk 0:17:01]} Bxe3+
{[%clk 0:17:41]} 35. Nxe3 {[%clk 0:16:48]} Ng5 {[%clk 0:17:30]} 36. Nf5
{[%clk 0:15:54]} Bxf5 {[%clk 0:16:19]} 37. exf5 {[%clk 0:16:16]} Nh3+
{[%clk 0:15:49]} 38. Kh1 {[%clk 0:14:23]} e4 {[%clk 0:09:06]} 39. Rb1
{[%clk 0:11:55]} Qxf5 {[%clk 0:08:10]} 40. fxe4 {[%clk 0:12:00]} Nf2+
{[%clk 0:07:41]} 41. Kg2 {[%clk 0:10:38]} Nxe4 {[%clk 0:07:48]} 42. Re1
{[%clk 0:06:36]} Nf6 {[%clk 0:02:28]} 43. Rf1 {[%clk 0:04:18]} Qg4+
{[%clk 0:28:38]} 44. Qxg4 {[%clk 0:28:58]} Nxg4 {[%clk 0:29:02]} 45. Kg3
{[%clk 0:24:29]} Ne5 {[%clk 0:27:34]} 46. Bb5 {[%clk 0:24:46]} Kf8
{[%clk 0:27:27]} 47. Rf4 {[%clk 0:21:54]} g6 {[%clk 0:27:26]} 48. h4
{[%clk 0:20:08]} Kg7 {[%clk 0:27:36]} 49. Rf1 {[%clk 0:20:24]} Rh8
{[%clk 0:26:35]} 50. Rb1 {[%clk 0:20:46]} Rb8 {[%clk 0:26:48]} 51. Re1
{[%clk 0:20:40]} Rb7 {[%clk 0:24:47]} 52. Re3 {[%clk 0:19:45]} Kf6
{[%clk 0:24:07]} 53. Re1 {[%clk 0:20:02]} Re7 {[%clk 0:23:23]} 54. Rf1+
{[%clk 0:19:51]} Kg7 {[%clk 0:23:46]} 55. Rb1 {[%clk 0:20:17]} Nd3
{[%clk 0:23:56]} 56. Kf3 {[%clk 0:16:39]} Re1 {[%clk 0:23:11]} 57. Rb3
{[%clk 0:16:17]} Ne5+ {[%clk 0:21:11]} 58. Kf2 {[%clk 0:14:22]} Re4 0-1

[Event "meisterschaft"]
[Site "?"]
[Date "2021.07.30"]
[Round "8.4"]
[White "Lutz, Albert"]
[Black "Buchal, Stephan"]
[Result "1/2-1/2"]
[BlackElo "2256"]
[WhiteElo "2115"]
[LiveChessVersion "1.4.8"]

1. Nf3 {[%clk 1:30:53]} g6 {[%clk 1:30:44]} 2. c4 {[%clk 1:30:39]} Bg7
{[%clk 1:30:57]} 3. d4 {[%clk 1:30:59]} d6 {[%clk 1:30:24]} 4. Nc3
{[%clk 1:31:14]} Nf6 {[%clk 1:30:42]} 5. e4 {[%clk 1:31:34]} O-O {[%clk 1:30:57]}
6. Be2 {[%clk 1:31:51]} Na6 {[%clk 1:30:23]} 7. O-O {[%clk 1:31:34]} e5
{[%clk 1:30:33]} 8. d5 {[%clk 1:23:37]} Nc5 {[%clk 1:29:28]} 9. Nd2
{[%clk 1:23:39]} a5 {[%clk 1:29:34]} 10. b3 {[%clk 1:23:44]} Bd7 {[%clk 1:22:38]}
11. Rb1 {[%clk 1:23:23]} Ne8 {[%clk 1:19:18]} 12. a3 {[%clk 1:23:14]} f5
{[%clk 1:16:08]} 13. b4 {[%clk 1:19:36]} axb4 {[%clk 1:14:34]} 14. axb4
{[%clk 1:19:52]} Na4 {[%clk 1:14:15]} 15. Qb3 {[%clk 1:19:43]} Nf6
{[%clk 1:10:23]} 16. Nxa4 {[%clk 1:17:38]} Bxa4 {[%clk 1:05:47]} 17. Qd3
{[%clk 1:17:55]} Bd7 {[%clk 1:03:33]} 18. f3 {[%clk 1:18:08]} Nh5
{[%clk 0:50:43]} 19. g3 {[%clk 1:13:59]} Nf6 {[%clk 0:38:29]} 20. c5
{[%clk 1:04:44]} fxe4 {[%clk 0:34:05]} 21. Nxe4 {[%clk 1:05:00]} Bh3
{[%clk 0:33:35]} 22. Rd1 {[%clk 1:02:02]} Nxe4 {[%clk 0:29:50]} 23. fxe4
{[%clk 1:02:48]} Qf6 {[%clk 0:28:11]} 24. Be3 {[%clk 0:58:59]} Bh6
{[%clk 0:26:15]} 25. Bf1 {[%clk 0:57:05]} Bxe3+ {[%clk 0:25:18]} 26. Qxe3
{[%clk 0:57:19]} Bg4 {[%clk 0:25:03]} 27. Be2 {[%clk 0:56:50]} Ra3
{[%clk 0:15:00]} 28. Rd3 {[%clk 0:47:09]} Rxd3 {[%clk 0:14:30]} 29. Bxd3
{[%clk 0:47:20]} Bh3 {[%clk 0:13:28]} 30. Be2 {[%clk 0:46:51]} h5
{[%clk 0:11:51]} 31. b5 {[%clk 0:46:07]} dxc5 {[%clk 0:09:53]} 32. Qxc5
{[%clk 0:45:38]} b6 {[%clk 0:09:41]} 33. Qe3 {[%clk 0:45:53]} Kg7
{[%clk 0:09:26]} 34. Rd1 {[%clk 0:43:38]} 1/2-1/2

[Event "meisterschaft"]
[Site "?"]
[Date "2021.07.30"]
[Round "8.5"]
[White "Kierzek, Matthias, Dr."]
[Black "Simon, Ralf-Axel"]
[Result "0-1"]
[BlackElo "2079"]
[WhiteElo "2201"]
[LiveChessVersion "1.4.8"]

1. d4 {[%clk 1:30:56]} Nf6 {[%clk 1:30:57]} 2. c4 {[%clk 1:31:15]} e6
{[%clk 1:31:24]} 3. Nf3 {[%clk 1:31:38]} d5 {[%clk 1:31:42]} 4. Nc3
{[%clk 1:31:59]} c6 {[%clk 1:30:16]} 5. Bg5 {[%clk 1:32:17]} h6 {[%clk 1:30:45]}
6. Bh4 {[%clk 1:32:36]} dxc4 {[%clk 1:29:26]} 7. e4 {[%clk 1:32:45]} g5
{[%clk 1:29:47]} 8. Bg3 {[%clk 1:33:09]} b5 {[%clk 1:30:16]} 9. Be2
{[%clk 1:33:20]} Bb4 {[%clk 1:30:34]} 10. Qc2 {[%clk 1:33:30]} Bb7
{[%clk 1:25:19]} 11. h4 {[%clk 1:33:17]} g4 {[%clk 1:17:32]} 12. Ne5
{[%clk 1:33:16]} Qxd4 {[%clk 1:03:40]} 13. Rd1 Qxe4 {[%clk 0:40:39]} 14. Qd2
{[%clk 1:20:12]} Bxc3 {[%clk 0:40:49]} 15. bxc3 {[%clk 1:17:55]} Nd5
{[%clk 0:41:05]} 16. O-O {[%clk 1:17:20]} h5 {[%clk 0:34:15]} 17. Rfe1
{[%clk 1:10:53]} Qh7 {[%clk 0:31:33]} 18. Rb1 {[%clk 0:47:52]} f6
{[%clk 0:19:24]} 19. Nxg4 {[%clk 0:35:18]} hxg4 {[%clk 0:12:13]} 20. Bxg4
{[%clk 0:35:42]} e5 {[%clk 0:11:27]} 21. Bxe5 {[%clk 0:26:34]} fxe5
{[%clk 0:11:43]} 22. Rxe5+ {[%clk 0:26:57]} Kd8 {[%clk 0:10:56]} 23. Rbe1
{[%clk 0:20:44]} Qxh4 {[%clk 0:06:16]} 24. R5e4 {[%clk 0:19:28]} Qh1#
{[%clk 0:06:22]} 0-1

[Event "meisterschaft"]
[Site "?"]
[Date "2021.07.30"]
[Round "8.6"]
[White "Waagener, Ulrich"]
[Black "Schulz, Michael"]
[Result "1-0"]
[BlackElo "2165"]
[WhiteElo "2077"]
[LiveChessVersion "1.4.8"]

1. e4 {[%clk 1:30:56]} g6 {[%clk 1:30:52]} 2. d4 {[%clk 1:31:11]} Bg7
{[%clk 1:31:18]} 3. Nc3 {[%clk 1:31:11]} c5 {[%clk 1:31:33]} 4. dxc5
{[%clk 1:28:56]} Bxc3+ {[%clk 1:31:52]} 5. bxc3 {[%clk 1:29:15]} Qa5
{[%clk 1:32:18]} 6. Qd4 {[%clk 1:28:07]} Nf6 {[%clk 1:32:43]} 7. Bd2
{[%clk 1:27:47]} Nc6 {[%clk 1:32:49]} 8. Qe3 {[%clk 1:23:45]} b6 {[%clk 1:30:42]}
9. cxb6 {[%clk 1:22:56]} axb6 {[%clk 1:28:30]} 10. Bd3 {[%clk 1:20:02]} Ng4
{[%clk 1:21:41]} 11. Qe2 {[%clk 1:18:28]} Nge5 {[%clk 1:16:09]} 12. f4
{[%clk 1:16:19]} Nxd3+ {[%clk 1:13:04]} 13. cxd3 {[%clk 1:13:55]} Qa3
{[%clk 1:11:01]} 14. Nf3 {[%clk 1:12:43]} Qb2 {[%clk 1:09:45]} 15. O-O
{[%clk 1:12:50]} Rxa2 {[%clk 1:09:28]} 16. Rxa2 {[%clk 1:08:42]} Qxa2
{[%clk 1:09:42]} 17. f5 {[%clk 1:08:19]} Ba6 {[%clk 1:02:23]} 18. c4
{[%clk 1:03:18]} b5 {[%clk 1:00:48]} 19. Qe3 {[%clk 1:02:39]} Qb2
{[%clk 0:51:27]} 20. Qb6 {[%clk 1:00:04]} Bc8 {[%clk 0:46:51]} 21. cxb5
{[%clk 0:58:52]} Ne5 {[%clk 0:46:08]} 22. Nxe5 {[%clk 0:44:49]} Qxe5
{[%clk 0:44:09]} 23. Rc1 {[%clk 0:39:15]} O-O {[%clk 0:43:58]} 24. Bh6
{[%clk 0:38:54]} Re8 {[%clk 0:42:51]} 25. Qc7 {[%clk 0:37:51]} d6
{[%clk 0:33:14]} 26. Qxc8 {[%clk 0:37:15]} Qxb5 {[%clk 0:33:37]} 27. Qc6
{[%clk 0:35:46]} Qb8 {[%clk 0:33:45]} 28. Qc3 {[%clk 0:35:22]} f6
{[%clk 0:33:49]} 29. Qc4+ {[%clk 0:35:25]} Kh8 {[%clk 0:34:13]} 30. Qf7
{[%clk 0:34:58]} Qa7+ {[%clk 0:33:44]} 31. Kh1 {[%clk 0:34:58]} Rg8
{[%clk 0:34:02]} 32. Qxg8+ {[%clk 0:35:05]} 1-0

[Event "meisterschaft"]
[Site "?"]
[Date "2021.07.30"]
[Round "8.7"]
[White "Heinemann, Ernst"]
[Black "Pruefer, Friedbert, Prof. Dr."]
[Result "1-0"]
[BlackElo "2244"]
[WhiteElo "2135"]
[LiveChessVersion "1.4.8"]

1. e4 {[%clk 1:30:55]} d6 {[%clk 1:30:58]} 2. Nc3 {[%clk 1:31:11]} Nf6
{[%clk 1:31:17]} 3. f4 {[%clk 1:30:23]} g6 {[%clk 1:31:34]} 4. Nf3
{[%clk 1:29:51]} Bg7 {[%clk 1:31:51]} 5. Be2 {[%clk 1:28:51]} O-O
{[%clk 1:32:00]} 6. O-O {[%clk 1:27:37]} c5 {[%clk 1:31:46]} 7. Rb1
{[%clk 1:20:39]} Nc6 {[%clk 1:20:35]} 8. d3 {[%clk 1:16:41]} Rb8 {[%clk 1:18:27]}
9. Qe1 {[%clk 1:11:23]} Bg4 {[%clk 1:03:24]} 10. a3 {[%clk 1:05:50]} Bxf3
{[%clk 0:51:50]} 11. Bxf3 {[%clk 1:06:12]} Nd4 {[%clk 0:51:57]} 12. Bd1
{[%clk 1:05:05]} e6 {[%clk 0:47:27]} 13. Ne2 {[%clk 1:04:03]} Nc6
{[%clk 0:38:13]} 14. c3 {[%clk 1:02:48]} b5 {[%clk 0:30:54]} 15. b3
{[%clk 0:57:26]} c4 {[%clk 0:28:19]} 16. Bc2 {[%clk 0:56:28]} Na5
{[%clk 0:27:03]} 17. dxc4 {[%clk 0:48:00]} bxc4 {[%clk 0:26:41]} 18. b4
{[%clk 0:46:39]} Nc6 {[%clk 0:26:35]} 19. Ng3 {[%clk 0:41:32]} a5
{[%clk 0:25:40]} 20. b5 {[%clk 0:39:17]} Na7 {[%clk 0:24:54]} 21. a4
{[%clk 0:39:44]} Nc8 {[%clk 0:25:16]} 22. Kh1 {[%clk 0:35:13]} Qc7
{[%clk 0:23:45]} 23. Ba3 {[%clk 0:34:38]} Rd8 {[%clk 0:22:59]} 24. Rd1
{[%clk 0:34:41]} d5 {[%clk 0:17:16]} 25. e5 {[%clk 0:34:36]} Nd7 {[%clk 0:17:25]}
26. Ne2 {[%clk 0:32:12]} Bf8 {[%clk 0:16:40]} 27. Bxf8 {[%clk 0:32:32]} Rxf8
{[%clk 0:17:01]} 28. Nd4 {[%clk 0:32:05]} Ne7 {[%clk 0:15:58]} 29. Qh4
{[%clk 0:30:14]} Qd8 {[%clk 0:11:46]} 30. Qh6 {[%clk 0:26:53]} Kh8
{[%clk 0:10:58]} 31. Nc6 {[%clk 0:25:57]} Nxc6 {[%clk 0:11:00]} 32. bxc6
{[%clk 0:26:22]} Nc5 {[%clk 0:11:14]} 33. f5 {[%clk 0:23:37]} exf5
{[%clk 0:10:52]} 34. Rxf5 {[%clk 0:22:55]} Nd3 {[%clk 0:10:08]} 35. Bxd3
{[%clk 0:22:55]} cxd3 {[%clk 0:10:33]} 36. Rf3 {[%clk 0:20:59]} Qe7
{[%clk 0:09:49]} 37. Rfxd3 {[%clk 0:15:32]} Qxe5 {[%clk 0:09:36]} 38. Rxd5
{[%clk 0:14:43]} Qxd5 {[%clk 0:08:16]} 39. Qxf8+ {[%clk 0:14:58]} Rxf8
{[%clk 0:08:45]} 40. Rxd5 {[%clk 0:15:19]} Rc8 {[%clk 0:08:33]} 41. Rc5
{[%clk 0:13:58]} Kg7 {[%clk 0:03:39]} 42. Kg1 {[%clk 0:13:14]} Kf6
{[%clk 0:01:17]} 43. Kf2 {[%clk 0:12:20]} Ke6 {[%clk 0:29:36]} 44. Ke3
{[%clk 0:42:20]} Kd6 {[%clk 0:22:59]} 45. Kd4 {[%clk 0:41:38]} Rxc6
{[%clk 0:22:32]} 46. Rxa5 {[%clk 0:41:41]} Rc7 {[%clk 0:16:21]} 47. c4
{[%clk 0:40:02]} f5 {[%clk 0:16:09]} 48. Ra6+ {[%clk 0:39:14]} Ke7
{[%clk 0:16:04]} 49. c5 {[%clk 0:37:48]} Rd7+ {[%clk 0:15:12]} 50. Ke5
{[%clk 0:36:43]} Rd2 {[%clk 0:15:20]} 51. Ra7+ {[%clk 0:36:46]} Kd8
{[%clk 0:15:24]} 52. Rxh7 {[%clk 0:35:32]} Rxg2 {[%clk 0:15:24]} 53. Kd6
{[%clk 0:35:27]} Kc8 {[%clk 0:15:03]} 54. Rh8+ {[%clk 0:34:02]} Kb7
{[%clk 0:15:32]} 55. c6+ {[%clk 0:34:09]} 1-0

[Event "meisterschaft"]
[Site "?"]
[Date "2021.07.30"]
[Round "8.8"]
[White "Koehler, Gerhard, Dr."]
[Black "Westermann, Johannes"]
[Result "1-0"]
[BlackElo "2090"]
[WhiteElo "2204"]
[LiveChessVersion "1.4.8"]

1. c4 {[%clk 1:30:58]} e5 {[%clk 1:30:55]} 2. g3 {[%clk 1:31:15]} Nf6
{[%clk 1:30:56]} 3. Bg2 {[%clk 1:31:33]} Nc6 {[%clk 1:30:24]} 4. Nc3
{[%clk 1:30:47]} Bb4 {[%clk 1:30:22]} 5. Nd5 {[%clk 1:30:44]} Bc5
{[%clk 1:25:41]} 6. d3 {[%clk 1:26:25]} h6 {[%clk 1:26:02]} 7. e3
{[%clk 1:25:10]} d6 {[%clk 1:22:45]} 8. Ne2 {[%clk 1:23:54]} Nxd5
{[%clk 1:19:01]} 9. cxd5 {[%clk 1:23:13]} Ne7 {[%clk 1:19:23]} 10. O-O
{[%clk 1:19:38]} O-O {[%clk 1:18:17]} 11. d4 {[%clk 1:19:55]} exd4
{[%clk 1:17:24]} 12. Nxd4 {[%clk 1:20:21]} Nf5 {[%clk 1:17:25]} 13. Ne2
{[%clk 1:17:30]} a5 {[%clk 1:12:09]} 14. Bd2 {[%clk 1:13:42]} b5 {[%clk 1:03:41]}
15. a4 {[%clk 1:02:59]} b4 {[%clk 1:01:26]} 16. Qc2 {[%clk 0:59:46]} Qf6
{[%clk 0:57:23]} 17. Rad1 {[%clk 0:57:45]} h5 {[%clk 0:45:19]} 18. Bc1
{[%clk 0:49:50]} Bd7 {[%clk 0:34:10]} 19. b3 {[%clk 0:48:37]} h4 {[%clk 0:30:50]}
20. Bb2 {[%clk 0:38:16]} Qg5 {[%clk 0:26:28]} 21. e4 {[%clk 0:31:13]} Ne7
{[%clk 0:25:21]} 22. Bd4 {[%clk 0:31:02]} Bxd4 {[%clk 0:21:37]} 23. Rxd4
{[%clk 0:25:04]} hxg3 {[%clk 0:14:44]} 24. hxg3 {[%clk 0:24:58]} Ng6
{[%clk 0:13:04]} 25. Rc4 {[%clk 0:18:51]} Bg4 {[%clk 0:10:08]} 26. Nd4
{[%clk 0:14:15]} Qf6 {[%clk 0:06:53]} 27. f4 {[%clk 0:12:36]} Rfc8
{[%clk 0:06:30]} 28. Nb5 {[%clk 0:11:18]} Qd8 {[%clk 0:03:48]} 29. Rc1
{[%clk 0:08:15]} Nf8 {[%clk 0:02:12]} 30. Rxc7 {[%clk 0:06:23]} Rxc7
{[%clk 0:01:41]} 31. Qxc7 {[%clk 0:06:34]} Qf6 {[%clk 0:02:04]} 32. Nxd6
{[%clk 0:05:39]} Qd4+ {[%clk 0:01:33]} 33. Kh2 {[%clk 0:05:46]} Nd7
{[%clk 0:01:31]} 34. e5 {[%clk 0:05:02]} Rf8 {[%clk 0:00:48]} 35. e6
{[%clk 0:02:51]} Nf6 {[%clk 0:01:14]} 36. exf7+ {[%clk 0:03:05]} Kh7
{[%clk 0:01:09]} 37. Qe7 {[%clk 0:02:09]} Qd2 {[%clk 0:00:58]} 38. Qxf8
{[%clk 0:01:58]} Qxc1 {[%clk 0:01:21]} 39. Ne8 1-0

[Event "meisterschaft"]
[Site "?"]
[Date "2021.07.30"]
[Round "8.9"]
[White "Gruzmann, Boris"]
[Black "Kornrumpf, Joachim, Prof. Dr."]
[Result "1-0"]
[BlackElo "2063"]
[WhiteElo "2167"]
[LiveChessVersion "1.4.8"]

1. e4 {[%clk 1:30:52]} c5 {[%clk 1:30:48]} 2. Nf3 {[%clk 1:31:10]} e6
{[%clk 1:31:09]} 3. d4 {[%clk 1:31:31]} cxd4 {[%clk 1:31:36]} 4. Nxd4
{[%clk 1:31:49]} a6 {[%clk 1:31:47]} 5. Bd3 {[%clk 1:31:28]} Nf6 {[%clk 1:30:32]}
6. O-O {[%clk 1:31:32]} Qc7 {[%clk 1:30:16]} 7. c4 {[%clk 1:28:38]} g6
{[%clk 1:24:24]} 8. Qe2 {[%clk 1:20:31]} d6 {[%clk 1:24:10]} 9. Nc3
{[%clk 1:20:05]} Bg7 {[%clk 1:23:46]} 10. f4 {[%clk 1:13:49]} O-O
{[%clk 1:23:18]} 11. Nf3 {[%clk 1:14:04]} b6 {[%clk 1:15:40]} 12. e5
{[%clk 1:02:29]} dxe5 {[%clk 1:14:18]} 13. fxe5 {[%clk 1:02:48]} Nfd7
{[%clk 1:14:17]} 14. Bf4 {[%clk 1:02:22]} Nc6 {[%clk 1:04:23]} 15. Rae1
{[%clk 0:57:08]} Bb7 {[%clk 1:02:16]} 16. Bg3 {[%clk 0:56:51]} Rac8
{[%clk 0:56:31]} 17. b3 {[%clk 0:56:35]} Nb4 {[%clk 0:52:04]} 18. Be4
{[%clk 0:56:19]} b5 {[%clk 0:44:14]} 19. Bxb7 {[%clk 0:55:39]} Qxb7
{[%clk 0:42:17]} 20. Ne4 {[%clk 0:55:34]} Qb8 {[%clk 0:34:55]} 21. Qd2
{[%clk 0:51:51]} bxc4 {[%clk 0:33:40]} 22. Qxd7 {[%clk 0:51:39]} Nd3
{[%clk 0:33:18]} 23. Re2 {[%clk 0:46:23]} Qb6+ {[%clk 0:26:33]} 24. Kh1
{[%clk 0:46:25]} Rc7 {[%clk 0:26:02]} 25. Qd6 {[%clk 0:45:26]} Rc6
{[%clk 0:23:26]} 26. Qd4 {[%clk 0:45:14]} Qxd4 {[%clk 0:20:03]} 27. Nxd4
{[%clk 0:45:34]} Rc7 {[%clk 0:20:19]} 28. bxc4 {[%clk 0:36:55]} Rxc4
{[%clk 0:17:59]} 29. Nf3 {[%clk 0:36:55]} Nc1 {[%clk 0:12:23]} 30. Nd6
{[%clk 0:35:14]} Nxe2 {[%clk 0:09:09]} 31. Nxc4 {[%clk 0:35:35]} Rc8
{[%clk 0:07:59]} 32. Nfd2 {[%clk 0:29:35]} Nxg3+ {[%clk 0:05:25]} 33. hxg3
{[%clk 0:29:52]} Rc5 {[%clk 0:05:25]} 34. Re1 f6 {[%clk 0:02:55]} 35. exf6
{[%clk 0:29:34]} Bxf6 {[%clk 0:02:41]} 36. Rxe6 {[%clk 0:26:27]} Bd4
{[%clk 0:01:54]} 37. g4 {[%clk 0:24:45]} a5 {[%clk 0:01:59]} 38. g3
{[%clk 0:23:20]} Bc3 {[%clk 0:02:14]} 39. a4 {[%clk 0:22:09]} Bb4
{[%clk 0:01:51]} 40. Kg2 {[%clk 0:21:22]} Kf7 {[%clk 0:01:24]} 41. Re4
{[%clk 0:19:56]} Rd5 {[%clk 0:26:44]} 42. Nb3 {[%clk 0:49:24]} Kf6
{[%clk 0:21:38]} 43. Rd4 {[%clk 0:47:12]} Rg5 44. Kf3 Ke6 {[%clk 0:14:26]} 45.
Ncd2 {[%clk 0:41:02]} Ke7 {[%clk 0:12:15]} 46. Ne4 {[%clk 0:39:20]} Re5
{[%clk 0:11:59]} 47. Kf4 {[%clk 0:39:16]} Ke6 {[%clk 0:10:23]} 48. Ng5+
{[%clk 0:39:11]} 1-0

[Event "meisterschaft"]
[Site "?"]
[Date "2021.07.30"]
[Round "8.10"]
[White "Braun, Gottfried, Dr."]
[Black "Braeunlin, Herbert"]
[Result "0-1"]
[BlackElo "2052"]
[WhiteElo "2156"]
[LiveChessVersion "1.4.8"]

1. e4 {[%clk 1:30:58]} c5 {[%clk 1:30:56]} 2. c3 {[%clk 1:31:21]} d5
{[%clk 1:30:43]} 3. exd5 {[%clk 1:31:44]} Qxd5 {[%clk 1:31:10]} 4. d4
{[%clk 1:31:59]} Bf5 {[%clk 1:30:45]} 5. Be3 {[%clk 1:31:45]} cxd4
{[%clk 1:28:13]} 6. cxd4 {[%clk 1:31:42]} Bxb1 {[%clk 1:25:06]} 7. Qxb1
{[%clk 1:31:30]} e5 {[%clk 1:25:11]} 8. Qd3 {[%clk 1:26:46]} Bb4+
{[%clk 1:24:30]} 9. Kd1 {[%clk 1:27:06]} Nc6 {[%clk 1:21:50]} 10. dxe5
{[%clk 1:24:28]} Qxe5 {[%clk 1:12:32]} 11. Kc2 {[%clk 1:23:05]} Nf6
{[%clk 1:02:52]} 12. Nf3 {[%clk 1:18:29]} Qe7 {[%clk 1:01:05]} 13. a3
{[%clk 1:17:11]} Rc8 {[%clk 0:59:17]} 14. Kb1 {[%clk 1:15:55]} O-O
{[%clk 0:55:55]} 15. Be2 {[%clk 1:13:25]} Rfd8 {[%clk 0:51:04]} 16. Qb3
{[%clk 1:12:18]} Bc5 {[%clk 0:44:22]} 17. Bxc5 {[%clk 1:03:15]} Qxc5
{[%clk 0:44:51]} 18. Qe3 {[%clk 0:56:56]} Qf5+ {[%clk 0:38:37]} 19. Ka2
{[%clk 0:57:02]} Re8 {[%clk 0:38:33]} 20. Qb3 Qc5 {[%clk 0:38:09]} 21. Kb1 Ra8
0-1